000 00391nam a2200169Ia 4500
008 230711s9999||||xx |||||||||||||| ||und||
020 _a978-93-325-0824-8
041 _aENG
082 _a720
_bMC-B
100 _aMckay,W.B
245 0 _aBuilding construction v3
250 _a5th Ed.
260 _c2013
_aNew Delhi
_bPearson
300 _a162
650 _aCivil Engineering
942 _cBK
999 _c5703
_d5703